| 000 | 00599nam a2200193 i 4500 | ||
|---|---|---|---|
| 001 | 43666 | ||
| 003 | ES-MaACL | ||
| 005 | 20250816062544.0 | ||
| 007 | t| | ||
| 008 | 030318s1944 sp ||||1| spa d | ||
| 100 | 1 |
_aCaturla, María Luisa, _d1888-1984 _937091 |
|
| 245 | 1 | 0 |
_aArte de épocas inciertas / _cMaría Luisa Caturla. |
| 260 |
_aMadrid : _bRevista de Occidente, _c[1944] ( _fImp. de Galo Sáez) |
||
| 300 |
_a187 p., 19 lám. ; _c23 cm. |
||
| 650 | 0 | 0 |
_aArte- _xFilosofía. _910099 |
| 650 | 7 |
_aEstética _2embne _9142387 |
|
| 852 |
_aES-MaACL _jB-10014 |
||
| 999 |
_c43666 _d43666 |
||